[Event "17.Seefeld Open 2006"]
[Site "Seefeld/AUT (23.9.-1.10)"]
[Date "2006.09.29"]
[Round "7"]
[White "Abraham, Helmut"]
[Black "Brett, Digby"]
[Result "1-0"]
[WhiteElo "1461"]
[BlackElo "1855"]
[PlyCount "55"]
[EventDate "2006.09.??"]
[EventType "swiss"]
[EventRounds "9"]
[EventCountry "AUT"]

1. Nf3 c5 2. c4 Nc6 3. g3 g6 4. Bg2 Bg7 5. O-O d6 6. e3 Nf6 7. d4 O-O 8. Nc3 b6
9. Re1 Bb7 10. d5 Na5 11. Nd2 Bc8 12. e4 Ng4 13. Qc2 Ne5 14. b3 Rb8 15. Rb1 Bd7
16. Nf3 Bh3 17. Nxe5 Bxg2 18. Nxg6 hxg6 19. Kxg2 Qd7 20. Bb2 Bd4 21. Ne2 Bxb2
22. Qxb2 b5 23. Qc3 Qc7 24. h4 b4 25. Qe3 Kg7 26. h5 Qd7 27. Rh1 Rh8 28. Rh4
1-0

[Event "17.Seefeld Open 2006"]
[Site "Seefeld/AUT (23.9.-1.10)"]
[Date "2006.09.29"]
[Round "7"]
[White "Laux, Dieter"]
[Black "Disselberger, Alfons"]
[Result "1-0"]
[WhiteElo "1228"]
[BlackElo "1289"]
[PlyCount "97"]
[EventDate "2006.09.??"]
[EventType "swiss"]
[EventRounds "9"]
[EventCountry "AUT"]

1. Nc3 Nf6 2. e4 e5 3. Bc4 d6 4. d3 Be7 5. Nge2 Bg4 6. O-O O-O 7. f3 Bh5 8. Bg5
Nbd7 9. Ng3 Bg6 10. Qd2 Nh5 11. Bxe7 Qxe7 12. Nd5 Qd8 13. Nxh5 Bxh5 14. f4 c6
15. Ne3 exf4 16. Rxf4 Ne5 17. Bb3 Kh8 18. d4 Nd7 19. Raf1 f6 20. Be6 Bf7 21.
Bxf7 Rxf7 22. Qb4 Qc7 23. Qc4 Nb6 24. Qd3 Raf8 25. Nf5 d5 26. Qh3 g5 27. Rg4
Nc4 28. b3 Nd2 29. Re1 Nxe4 30. c4 Qa5 31. Ra1 Qd2 32. Qe3 Qb2 33. Qe1 Qc3 34.
Rxe4 Qxa1 35. Qxa1 dxe4 36. Qb1 b5 37. c5 a5 38. Qxe4 b4 39. Ne7 Rg7 40. Nxc6
f5 41. Qe5 f4 42. d5 g4 43. Nd4 f3 44. Ne6 f2+ 45. Kf1 Rff7 46. Nxg7 Rxg7 47.
Qxg7+ Kxg7 48. c6 Kf7 49. c7 1-0

[Event "17.Seefeld Open 2006"]
[Site "Seefeld/AUT (23.9.-1.10)"]
[Date "2006.09.30"]
[Round "8"]
[White "Bronznik, Valeri"]
[Black "Teske, Henrik"]
[Result "1/2-1/2"]
[WhiteElo "2383"]
[BlackElo "2486"]
[PlyCount "32"]
[EventDate "2006.09.??"]
[EventType "swiss"]
[EventRounds "9"]
[EventCountry "AUT"]

1. d4 d5 2. c4 dxc4 3. e4 b5 4. a4 Bb7 5. axb5 Bxe4 6. Nc3 Bb7 7. Nf3 Nf6 8.
Bxc4 e6 9. O-O Be7 10. Ne5 O-O 11. Bf4 c5 12. dxc5 Bxc5 13. Qe2 Nd5 14. Bg3 Nd7
15. Nxd5 Nxe5 16. Bxe5 exd5 1/2-1/2

[Event "17.Seefeld Open 2006"]
[Site "Seefeld/AUT (23.9.-1.10)"]
[Date "2006.09.30"]
[Round "8"]
[White "Mohrlok, Dieter"]
[Black "Kesik, Klaus-Dieter"]
[Result "0-1"]
[WhiteElo "2321"]
[BlackElo "2280"]
[PlyCount "96"]
[EventDate "2006.09.??"]
[EventType "swiss"]
[EventRounds "9"]
[EventCountry "AUT"]

1. d4 Nf6 2. Nf3 g6 3. c4 Bg7 4. Nc3 O-O 5. e4 d6 6. h3 e5 7. dxe5 dxe5 8. Qxd8
Rxd8 9. Bg5 c6 10. Nxe5 Re8 11. f4 h6 12. Bxf6 Bxf6 13. Nd3 Bxc3+ 14. bxc3
Rxe4+ 15. Kd2 Rxc4 16. g3 Re4 17. Bg2 Re7 18. Rhe1 Rxe1 19. Rxe1 Kf8 20. c4 Na6
21. g4 Be6 22. Kc3 Re8 23. a4 Bc8 24. Rxe8+ Kxe8 25. Kd4 Ke7 26. Bf3 Kd6 27.
c5+ Ke7 28. a5 Be6 29. h4 Nc7 30. Nb4 a6 31. h5 gxh5 32. gxh5 Bh3 33. Ke3 Ne6
34. Nd3 Kf6 35. Nf2 Bf5 36. Ng4+ Bxg4 37. Bxg4 Nxc5 38. Bc8 Ke7 39. Kd4 Nb3+
40. Kc3 Nxa5 41. Kb4 Kd8 42. Bg4 b6 43. Be2 c5+ 44. Ka4 c4 45. Kb4 Kc7 46. Bg4
f6 47. Bf5 Kc6 48. Bc8 Nb7 0-1

[Event "17.Seefeld Open 2006"]
[Site "Seefeld/AUT (23.9.-1.10)"]
[Date "2006.09.30"]
[Round "8"]
[White "Van der Weide, Karel"]
[Black "Weinzettl, Ernst"]
[Result "1-0"]
[WhiteElo "2443"]
[BlackElo "2327"]
[PlyCount "59"]
[EventDate "2006.09.??"]
[EventType "swiss"]
[EventRounds "9"]
[EventCountry "AUT"]

1. e4 c5 2. Nf3 Nc6 3. d4 cxd4 4. Nxd4 e5 5. Nb5 d6 6. N1c3 a6 7. Na3 b5 8. Nd5
Nge7 9. c4 Nxd5 10. exd5 Nd4 11. cxb5 Be7 12. Bc4 O-O 13. O-O f5 14. bxa6 f4
15. Nc2 Nxc2 16. Qxc2 f3 17. Bd3 Bxa6 18. Bxa6 Rxa6 19. Be3 Qa8 20. Qc4 Rb8 21.
b4 Ra4 22. Rfb1 Bf6 23. a3 Rxa3 24. Rxa3 Qxa3 25. gxf3 Qa4 26. Qc6 Qa2 27. Rc1
Rd8 28. Bb6 Bh4 29. Qc4 Qxc4 30. Rxc4 1-0

[Event "17.Seefeld Open 2006"]
[Site "Seefeld/AUT (23.9.-1.10)"]
[Date "2006.09.30"]
[Round "8"]
[White "Jandke, Manfred"]
[Black "Dittmar, Peter"]
[Result "1-0"]
[WhiteElo "2156"]
[BlackElo "2334"]
[PlyCount "87"]
[EventDate "2006.09.??"]
[EventType "swiss"]
[EventRounds "9"]
[EventCountry "AUT"]

1. Nf3 d5 2. d4 Nf6 3. c4 e6 4. Nc3 c6 5. e3 Nbd7 6. Qc2 Bd6 7. g4 h6 8. Bd2 a6
9. Rg1 e5 10. cxd5 cxd5 11. g5 hxg5 12. Nxg5 e4 13. Nxd5 Nxd5 14. Qxe4+ Qe7 15.
Qxd5 Nf6 16. Qb3 Ng4 17. h3 Qxg5 18. hxg4 Rh2 19. e4 Bf4 20. Bxf4 Qxf4 21. Qe3
Qxe3+ 22. fxe3 Rxb2 23. Rh1 Ke7 24. Rh8 Rc2 25. Bd3 Rc7 26. e5 Rc3 27. Kd2
Rxd3+ 28. Kxd3 Bf5+ 29. gxf5 Rxh8 30. a4 Rh5 31. Ke4 Kd7 32. Rb1 Kc7 33. Rg1
Rh7 34. Kd5 b5 35. axb5 axb5 36. Kc5 Rh5 37. e4 Rh4 38. Rxg7 Rxe4 39. Rxf7+ Kc8
40. Kd5 Re1 41. e6 b4 42. Kc4 Re4 43. Rd7 Rf4 44. Rd5 1-0

[Event "17.Seefeld Open 2006"]
[Site "Seefeld/AUT (23.9.-1.10)"]
[Date "2006.09.30"]
[Round "8"]
[White "Keller, Manfred"]
[Black "Stabolewski, Andreas"]
[Result "0-1"]
[WhiteElo "2180"]
[BlackElo "2235"]
[PlyCount "50"]
[EventDate "2006.09.??"]
[EventType "swiss"]
[EventRounds "9"]
[EventCountry "AUT"]

1. e4 c5 2. Nf3 Nc6 3. Bb5 Na5 4. c3 a6 5. Ba4 b5 6. Bc2 Bb7 7. O-O Nf6 8. Re1
e6 9. d4 cxd4 10. cxd4 Be7 11. Bg5 Rc8 12. d5 Nxd5 13. exd5 Bxg5 14. Nc3 O-O
15. Ne4 Bf4 16. Qd3 f5 17. Nc3 Qf6 18. Nd4 Nc4 19. Nce2 Bb8 20. dxe6 dxe6 21.
Ng3 Bxg3 22. hxg3 Rcd8 23. Rxe6 Qxd4 24. Qxd4 Rxd4 25. Re7 Be4 0-1

[Event "17.Seefeld Open 2006"]
[Site "Seefeld/AUT (23.9.-1.10)"]
[Date "2006.09.30"]
[Round "8"]
[White "Kroencke, Manfred"]
[Black "Rausch, Stephan"]
[Result "1-0"]
[WhiteElo "2183"]
[BlackElo "2343"]
[PlyCount "145"]
[EventDate "2006.09.??"]
[EventType "swiss"]
[EventRounds "9"]
[EventCountry "AUT"]

1. e4 e6 2. d3 d5 3. Qe2 Be7 4. g3 Nf6 5. Bg2 Nc6 6. e5 Nd7 7. Nf3 f6 8. exf6
Nxf6 9. O-O O-O 10. c3 Qe8 11. Bf4 Bd6 12. Bxd6 cxd6 13. d4 e5 14. dxe5 dxe5
15. Nbd2 e4 16. Nd4 Nxd4 17. cxd4 Bd7 18. Rfe1 Bf5 19. f3 Qa4 20. Qe3 Rae8 21.
fxe4 Nxe4 22. Nxe4 Bxe4 23. Qd2 Bxg2 24. b3 Qc6 25. Kxg2 Qg6 26. Rac1 Re4 27.
Rxe4 Qxe4+ 28. Kg1 h6 29. Re1 Qf5 30. Qe2 Rf7 31. Rc1 Qf6 32. Rc8+ Kh7 33. Qd3+
g6 34. Rc2 h5 35. Kg2 Kg7 36. h4 b6 37. Qe3 Re7 38. Qd3 Qe6 39. Rf2 Qe4+ 40.
Qf3 Qxf3+ 41. Kxf3 Re4 42. Re2 Rxd4 43. Re7+ Kf6 44. Rxa7 b5 45. Ke3 Rg4 46.
Kf3 b4 47. Ra6+ Ke7 48. Kf2 d4 49. a4 d3 50. Ra5 Rd4 51. Ke1 d2+ 52. Kd1 Rd3
53. Rg5 Kf6 54. g4 hxg4 55. Rxg4 Rxb3 56. Kxd2 Kf5 57. Rc4 Ke5 58. Kc2 Rg3 59.
Rxb4 Kd5 60. Rb5+ Kc4 61. Rg5 Rh3 62. Rg4+ Kc5 63. Kd2 Kd5 64. Ke2 Ke5 65. a5
Ra3 66. Rxg6 Ra4 67. Rh6 Ke4 68. a6 Ra2+ 69. Kd1 Kd3 70. Rd6+ Kc4 71. h5 Kc5
72. Rg6 Kb5 73. h6 1-0

[Event "17.Seefeld Open 2006"]
[Site "Seefeld/AUT (23.9.-1.10)"]
[Date "2006.09.30"]
[Round "8"]
[White "Pilz, Dieter"]
[Black "Gruber, Michael"]
[Result "1-0"]
[WhiteElo "2333"]
[BlackElo "2138"]
[PlyCount "57"]
[EventDate "2006.09.??"]
[EventType "swiss"]
[EventRounds "9"]
[EventCountry "AUT"]

1. e4 c5 2. Nf3 d6 3. Nc3 Nf6 4. d4 cxd4 5. Nxd4 a6 6. Bg5 e6 7. f4 Be7 8. Qf3
Qc7 9. O-O-O Nc6 10. Nxc6 bxc6 11. e5 Nd5 12. Bxe7 Qxe7 13. Ne4 dxe5 14. fxe5
O-O 15. c4 f5 16. Nd2 Qc5 17. Nb3 Qe3+ 18. Rd2 Qe1+ 19. Rd1 Qe3+ 20. Kb1 Qxf3
21. gxf3 Ne3 22. Rd6 f4 23. Bd3 a5 24. Nc5 a4 25. b3 axb3 26. axb3 Ra5 27. Rxc6
Rd8 28. Kb2 Bd7 29. Rc7 1-0

[Event "17.Seefeld Open 2006"]
[Site "Seefeld/AUT (23.9.-1.10)"]
[Date "2006.09.30"]
[Round "8"]
[White "Schunk, Thomas"]
[Black "Schmidt, Juergen"]
[Result "1-0"]
[WhiteElo "2315"]
[BlackElo "2122"]
[PlyCount "45"]
[EventDate "2006.09.??"]
[EventType "swiss"]
[EventRounds "9"]
[EventCountry "AUT"]

1. c4 Nf6 2. Nc3 e5 3. g3 Be7 4. Bg2 O-O 5. e4 Nc6 6. Nge2 d6 7. h3 Be6 8. d3
Ne8 9. O-O f5 10. b3 Qc8 11. Kh2 f4 12. gxf4 exf4 13. Bxf4 g5 14. Be3 g4 15.
Ng1 d5 16. exd5 Bd6+ 17. Kh1 gxh3 18. Be4 Bg4 19. f3 h2 20. dxc6 Bh5 21. cxb7
Qd7 22. bxa8=Q hxg1=Q+ 23. Rxg1+ 1-0

[Event "17.Seefeld Open 2006"]
[Site "Seefeld/AUT (23.9.-1.10)"]
[Date "2006.09.30"]
[Round "8"]
[White "Ermel, Dirk"]
[Black "Stock, Juergen"]
[Result "0-1"]
[WhiteElo "2184"]
[BlackElo "2026"]
[PlyCount "90"]
[EventDate "2006.09.??"]
[EventType "swiss"]
[EventRounds "9"]
[EventCountry "AUT"]

1. c4 e6 2. Nc3 f5 3. g3 Nf6 4. Bg2 d5 5. Nf3 c6 6. O-O Nbd7 7. d3 Bc5 8. cxd5
exd5 9. e4 dxe4 10. dxe4 O-O 11. exf5 Ng4 12. Ne4 Qb6 13. Nxc5 Nxc5 14. Qd4
Bxf5 15. h3 Rad8 16. Qc4+ Be6 17. Qc2 Bf5 18. Qc4+ Be6 19. Qe2 Nf6 20. Be3 Nfe4
21. Nd4 Bd5 22. Ne6 Bxe6 23. Bxe4 Bd5 24. Bxd5+ Rxd5 25. Rfd1 Rfd8 26. Rxd5
cxd5 27. Bd4 Qe6 28. Re1 Ne4 29. Kh2 Qf5 30. f3 Ng5 31. Bxg7 Qxh3+ 32. Kg1
Qxg3+ 33. Kf1 Qh3+ 34. Kf2 Qh2+ 35. Kf1 Qh1+ 36. Kf2 Qh2+ 37. Kf1 Qxe2+ 38.
Rxe2 Kxg7 39. Re7+ Kf6 40. Rxb7 d4 41. Rxa7 h5 42. Ke2 d3+ 43. Kd1 Nxf3 44. a4
Re8 45. Ra6+ Kf5 0-1

[Event "17.Seefeld Open 2006"]
[Site "Seefeld/AUT (23.9.-1.10)"]
[Date "2006.09.30"]
[Round "8"]
[White "Schoetzig, Detlef"]
[Black "Lagrotteria, Salvatore"]
[Result "1-0"]
[WhiteElo "2124"]
[BlackElo "2176"]
[PlyCount "79"]
[EventDate "2006.09.??"]
[EventType "swiss"]
[EventRounds "9"]
[EventCountry "AUT"]

1. c4 c6 2. d4 d5 3. Nc3 Nf6 4. Nf3 a6 5. e3 b5 6. cxd5 cxd5 7. Bd3 g6 8. Ne5
Bg7 9. Qb3 O-O 10. O-O Qd6 11. Bd2 Nbd7 12. Nxd7 Bxd7 13. Ne2 a5 14. Bxb5 Ne4
15. Bc1 a4 16. Qd3 Bf5 17. Qd1 a3 18. bxa3 e5 19. a4 Rfc8 20. Qb3 Qd8 21. f3
Nd6 22. Bb2 Nc4 23. Rfc1 Rab8 24. dxe5 Qg5 25. Bd4 Rd8 26. Ng3 Be6 27. f4 Qe7
28. Qd3 h5 29. e4 Nb6 30. Qe3 Nc4 31. Bxc4 dxc4 32. f5 Bc8 33. f6 Qd7 34. Bb6
Bf8 35. Bxd8 Qxd8 36. Kh1 Be6 37. Qg5 Kh7 38. Rd1 Bh6 39. Rxd8 Rxd8 40. Qh4 1-0

[Event "17.Seefeld Open 2006"]
[Site "Seefeld/AUT (23.9.-1.10)"]
[Date "2006.09.30"]
[Round "8"]
[White "Ballon, Guenther-Jan"]
[Black "Platzgummer, Fabian"]
[Result "1/2-1/2"]
[WhiteElo "2184"]
[BlackElo "2044"]
[PlyCount "53"]
[EventDate "2006.09.??"]
[EventType "swiss"]
[EventRounds "9"]
[EventCountry "AUT"]

1. d4 Nf6 2. c4 e6 3. Nc3 Bb4 4. f3 d5 5. a3 Bxc3+ 6. bxc3 c5 7. cxd5 Nxd5 8.
Qd3 O-O 9. e4 Ne7 10. Be3 cxd4 11. cxd4 Nec6 12. Qd2 b6 13. Bb5 Na5 14. Qb2 Ba6
15. Ne2 Nc4 16. Bxc4 Bxc4 17. O-O Nc6 18. Rf2 Na5 19. Rc1 Rc8 20. Nf4 b5 21. d5
exd5 22. exd5 Re8 23. Bd4 Qg5 24. g3 Nb3 25. Rd1 Nxd4 26. Qxd4 Re7 27. Kg2
1/2-1/2

[Event "17.Seefeld Open 2006"]
[Site "Seefeld/AUT (23.9.-1.10)"]
[Date "2006.09.30"]
[Round "8"]
[White "Kauch, Markus"]
[Black "Kesik, Marco"]
[Result "1-0"]
[WhiteElo "2244"]
[BlackElo "1916"]
[PlyCount "45"]
[EventDate "2006.09.??"]
[EventType "swiss"]
[EventRounds "9"]
[EventCountry "AUT"]

1. d4 Nf6 2. Bg5 d5 3. e3 e6 4. Nd2 c5 5. c3 Bd7 6. Ngf3 Nc6 7. Ne5 Qc7 8. f4
Be7 9. Bd3 h6 10. Bh4 c4 11. Bc2 Nxe5 12. fxe5 Ng8 13. Bg3 O-O-O 14. O-O Rf8
15. e4 Bc6 16. b3 b5 17. bxc4 bxc4 18. exd5 Bxd5 19. Be4 Qa5 20. Bxd5 Qxd5 21.
Qa4 a5 22. Rab1 h5 23. Nxc4 1-0

[Event "17.Seefeld Open 2006"]
[Site "Seefeld/AUT (23.9.-1.10)"]
[Date "2006.09.30"]
[Round "8"]
[White "Babinetz, Rainer"]
[Black "Meschke, Andreas"]
[Result "0-1"]
[WhiteElo "1946"]
[BlackElo "2183"]
[PlyCount "77"]
[EventDate "2006.09.??"]
[EventType "swiss"]
[EventRounds "9"]
[EventCountry "AUT"]

1. d4 d5 2. c4 dxc4 3. Nf3 Nf6 4. e3 e6 5. Bxc4 c5 6. O-O a6 7. Qe2 b5 8. Bb3
Bb7 9. Rd1 Nbd7 10. a4 b4 11. Nbd2 cxd4 12. Nxd4 Nc5 13. Bc2 Be7 14. Nc4 Qc7
15. Bd2 a5 16. Rdc1 O-O 17. Nb3 Rfd8 18. Ncxa5 Rxd2 19. Qxd2 Rxa5 20. Qxb4 Nxb3
21. Qxb3 Rc5 22. f3 Bd6 23. h3 Bh2+ 24. Kh1 Bd5 25. Qd3 Be5 26. Qd2 Nh5 27. a5
Ng3+ 28. Kg1 Bc4 29. Bd1 Nf1 30. Qb4 Nxe3 31. Be2 Bh2+ 32. Kf2 Nd5 33. Qa3 Qg3+
34. Kf1 Bxe2+ 35. Kxe2 Qxg2+ 36. Kd3 Qxf3+ 37. Kd2 Bf4+ 38. Ke1 Qxa3 39. Rxa3
0-1

[Event "17.Seefeld Open 2006"]
[Site "Seefeld/AUT (23.9.-1.10)"]
[Date "2006.09.30"]
[Round "8"]
[White "Hofer, Franz"]
[Black "Mertens, Klaus"]
[Result "1/2-1/2"]
[WhiteElo "2061"]
[BlackElo "2100"]
[PlyCount "50"]
[EventDate "2006.09.??"]
[EventType "swiss"]
[EventRounds "9"]
[EventCountry "AUT"]

1. c4 e5 2. g3 Nc6 3. Bg2 Nf6 4. Nc3 Bc5 5. a3 a5 6. e3 O-O 7. Nge2 d6 8. O-O
Bf5 9. d3 Qd7 10. Nd5 Nxd5 11. Bxd5 Nd8 12. b3 c6 13. Bg2 Bh3 14. Bb2 Bxg2 15.
Kxg2 Bb6 16. Qc2 Ne6 17. d4 exd4 18. Bxd4 Bxd4 19. Nxd4 Nxd4 20. exd4 d5 21. c5
Rfe8 22. Rfe1 h6 23. Qd2 a4 24. Rxe8+ Rxe8 25. bxa4 Qg4 1/2-1/2

[Event "17.Seefeld Open 2006"]
[Site "Seefeld/AUT (23.9.-1.10)"]
[Date "2006.09.30"]
[Round "8"]
[White "Thoeny, Hermann"]
[Black "Schmidt, Wolfgang"]
[Result "1/2-1/2"]
[WhiteElo "2175"]
[BlackElo "2061"]
[PlyCount "24"]
[EventDate "2006.09.??"]
[EventType "swiss"]
[EventRounds "9"]
[EventCountry "AUT"]

1. Nf3 d6 2. d4 g6 3. c4 Bg7 4. Nc3 Nf6 5. g3 O-O 6. Bg2 Nc6 7. O-O e5 8. d5
Ne7 9. e4 Ne8 10. Ne1 f5 11. Nd3 Nf6 12. Bg5 h6 1/2-1/2

[Event "17.Seefeld Open 2006"]
[Site "Seefeld/AUT (23.9.-1.10)"]
[Date "2006.09.30"]
[Round "8"]
[White "Voss, Ingo"]
[Black "Wiesbeck, Florian"]
[Result "1-0"]
[WhiteElo "2149"]
[BlackElo "1999"]
[PlyCount "63"]
[EventDate "2006.09.??"]
[EventType "swiss"]
[EventRounds "9"]
[EventCountry "AUT"]

1. e4 c5 2. Nf3 e6 3. b3 d6 4. Bb2 Nf6 5. e5 dxe5 6. Nxe5 a6 7. Be2 Be7 8. O-O
O-O 9. d3 Qc7 10. Bf3 Nbd7 11. Qe2 Re8 12. Nd2 Nxe5 13. Bxe5 Qd8 14. Nc4 Nd5
15. Ne3 Nf6 16. Rad1 Nd7 17. Bg3 Bh4 18. d4 Bxg3 19. hxg3 Qc7 20. dxc5 Nxc5 21.
Nd5 Qd8 22. Qc4 Qa5 23. Nc3 Qb6 24. Rd2 Nd7 25. Rfd1 Nf6 26. a4 e5 27. Rd6 Qa7
28. Nd5 Nxd5 29. Bxd5 b5 30. axb5 axb5 31. Qxb5 Bf5 32. Bxa8 1-0

[Event "17.Seefeld Open 2006"]
[Site "Seefeld/AUT (23.9.-1.10)"]
[Date "2006.09.30"]
[Round "8"]
[White "Schwammberger, Eugen"]
[Black "Kreie, Guenter"]
[Result "1-0"]
[WhiteElo "2085"]
[BlackElo "1987"]
[PlyCount "77"]
[EventDate "2006.09.??"]
[EventType "swiss"]
[EventRounds "9"]
[EventCountry "AUT"]

1. Nf3 Nf6 2. c4 e6 3. Nc3 d5 4. d4 c5 5. dxc5 Bxc5 6. cxd5 Nxd5 7. Nxd5 exd5
8. e3 O-O 9. Qc2 Bb6 10. Bd3 h6 11. Bd2 Nc6 12. Bc3 Ba5 13. O-O Bxc3 14. bxc3
Qf6 15. Rab1 b6 16. c4 dxc4 17. Qxc4 Na5 18. Qe4 Rd8 19. Nd4 Be6 20. Rbd1 g6
21. Nxe6 Re8 22. Bb1 h5 23. Rd6 fxe6 24. Qxg6+ Qxg6 25. Bxg6 Re7 26. Bxh5 Rc8
27. Rfd1 Rcc7 28. g3 Kg7 29. h4 Nc4 30. Rd8 e5 31. Be2 b5 32. Kg2 e4 33. R1d4
Na3 34. Bd1 Nb1 35. Bb3 a5 36. Rg8+ Kh7 37. Rg5 a4 38. Bg8+ Kh8 39. Rd8 1-0

[Event "17.Seefeld Open 2006"]
[Site "Seefeld/AUT (23.9.-1.10)"]
[Date "2006.09.30"]
[Round "8"]
[White "Di Lazzaro, Gabriele"]
[Black "Oettinger, Hagen"]
[Result "1/2-1/2"]
[WhiteElo "1986"]
[BlackElo "2083"]
[PlyCount "36"]
[EventDate "2006.09.??"]
[EventType "swiss"]
[EventRounds "9"]
[EventCountry "AUT"]

1. e4 e6 2. d4 d5 3. Nd2 Nf6 4. e5 Nfd7 5. c3 c5 6. Bd3 Nc6 7. Ngf3 Qb6 8. dxc5
Bxc5 9. Qe2 Be7 10. O-O O-O 11. Nb3 Qc7 12. Re1 f6 13. exf6 Nxf6 14. Bg5 Nh5
15. Bc2 g6 16. Bh6 Nf4 17. Qe3 Rf6 18. Bg5 Rf8 1/2-1/2

[Event "17.Seefeld Open 2006"]
[Site "Seefeld/AUT (23.9.-1.10)"]
[Date "2006.09.30"]
[Round "8"]
[White "Schumacher, Helmut"]
[Black "Antoniacci, Riccardo"]
[Result "1/2-1/2"]
[WhiteElo "2076"]
[BlackElo "1980"]
[PlyCount "61"]
[EventDate "2006.09.??"]
[EventType "swiss"]
[EventRounds "9"]
[EventCountry "AUT"]

1. d4 f5 2. g3 Nf6 3. Bg2 g6 4. Nf3 Bg7 5. O-O O-O 6. c3 d6 7. Qb3+ d5 8. Bf4
c6 9. Nbd2 h6 10. Be5 Kh7 11. Rfe1 Nbd7 12. Nf1 Nxe5 13. Nxe5 Qc7 14. f3 Nd7
15. Nxd7 Bxd7 16. e4 dxe4 17. fxe4 f4 18. Qd1 h5 19. e5 Bg4 20. Bf3 fxg3 21.
Bxg4 gxh2+ 22. Nxh2 hxg4 23. Qxg4 Bh6 24. Rf1 Be3+ 25. Kh1 Kg7 26. Rf3 Rxf3 27.
Qxf3 Bh6 28. Rf1 Rg8 29. Ng4 Qd7 30. Kh2 Qe6 31. Nxh6 1/2-1/2

[Event "17.Seefeld Open 2006"]
[Site "Seefeld/AUT (23.9.-1.10)"]
[Date "2006.09.30"]
[Round "8"]
[White "Schueler, Wolfgang"]
[Black "Duric, Rajko"]
[Result "0-1"]
[WhiteElo "2073"]
[BlackElo "1848"]
[PlyCount "136"]
[EventDate "2006.09.??"]
[EventType "swiss"]
[EventRounds "9"]
[EventCountry "AUT"]

1. e4 e5 2. Nf3 d6 3. d4 exd4 4. Nxd4 g6 5. Bc4 Bg7 6. O-O Nf6 7. Nc3 O-O 8.
Bg5 c6 9. Qd2 Nbd7 10. f4 Qc7 11. Bb3 Nc5 12. Rae1 Nxb3 13. axb3 h6 14. Bh4 a6
15. e5 dxe5 16. fxe5 Nh7 17. Nf3 Be6 18. Qe3 c5 19. Ne4 b6 20. Nf6+ Kh8 21. Qf2
Bxf6 22. exf6 Qf4 23. Bg3 Qg4 24. Be5 Ng5 25. Nxg5 Qxg5 26. Bf4 Qh5 27. Bc7 c4
28. b4 b5 29. Bd6 Rfd8 30. Rxe6 Qd5 31. Qe3 Kh7 32. Be7 Qxe6 33. Qxe6 fxe6 34.
Bxd8 Rxd8 35. Re1 Rd6 36. h4 Kg8 37. g4 Kf7 38. Rf1 Rd4 39. Kh2 Rxg4 40. Kh3
Rd4 41. Ra1 Rd2 42. Rxa6 Rxc2 43. Rb6 Rxb2 44. Rxb5 c3 45. Rc5 Rxb4 46. Rxc3
Rf4 47. Rc7+ Kxf6 48. Rh7 h5 49. Rb7 Rg4 50. Rb5 e5 51. Rb8 Kf5 52. Rf8+ Ke4
53. Re8 Rf4 54. Re6 Rg4 55. Re8 Kf4 56. Rf8+ Ke3 57. Rf7 e4 58. Rf6 Ke2 59. Re6
e3 60. Rf6 Ke1 61. Re6 e2 62. Rf6 Rg1 63. Kh2 Rg4 64. Kh3 Kd2 65. Rd6+ Ke3 66.
Re6+ Re4 67. Rxg6 e1=Q 68. Rg1 Rxh4+ 0-1

[Event "17.Seefeld Open 2006"]
[Site "Seefeld/AUT (23.9.-1.10)"]
[Date "2006.09.30"]
[Round "8"]
[White "Maurer, Rainer"]
[Black "Schett, Franz"]
[Result "1-0"]
[WhiteElo "1916"]
[BlackElo "2004"]
[PlyCount "109"]
[EventDate "2006.09.??"]
[EventType "swiss"]
[EventRounds "9"]
[EventCountry "AUT"]

1. d4 d5 2. Nf3 Nf6 3. Bf4 g6 4. h3 Bg7 5. e3 c6 6. Nbd2 Nbd7 7. Be2 O-O 8. O-O
Re8 9. Bg5 Ne4 10. Nxe4 dxe4 11. Nd2 h6 12. Bh4 g5 13. Bg3 Nf6 14. c4 Bf5 15.
Qc2 Bg6 16. Be5 Rc8 17. Rad1 b5 18. Qb3 a6 19. Rc1 Qd7 20. Rc2 e6 21. Rfc1 Kh7
22. a4 bxc4 23. Nxc4 Qd5 24. Qb7 Qd7 25. Qxd7 Nxd7 26. Bxg7 Kxg7 27. Nd6 Nb8
28. b4 Rcd8 29. Nxe8+ Rxe8 30. Rc5 Re7 31. Ra5 Rb7 32. Rb1 Rb6 33. Rc5 Kf6 34.
b5 axb5 35. axb5 Ke7 36. Rbc1 Kd6 37. Ra1 f6 38. Ra7 Be8 39. bxc6 Rb1+ 40. Kh2
Bxc6 41. Rca5 Bd5 42. Bh5 Rb2 43. Kg3 Nc6 44. R5a6 f5 45. Be8 f4+ 46. Kh2 e5
47. Bxc6 Bxc6 48. dxe5+ Kxe5 49. Rxc6 Kd5 50. Rxh6 Rxf2 51. Ra5+ Kc4 52. Re5
Kd3 53. exf4 gxf4 54. Rd6+ Ke3 55. Rde6 1-0

[Event "17.Seefeld Open 2006"]
[Site "Seefeld/AUT (23.9.-1.10)"]
[Date "2006.09.30"]
[Round "8"]
[White "Koller, Hubert"]
[Black "Russ, Colin"]
[Result "1/2-1/2"]
[WhiteElo "2115"]
[BlackElo "1963"]
[PlyCount "122"]
[EventDate "2006.09.??"]
[EventType "swiss"]
[EventRounds "9"]
[EventCountry "AUT"]

1. e4 c6 2. d3 d5 3. Nd2 e5 4. Ngf3 Bd6 5. g3 Be6 6. Bg2 d4 7. O-O h6 8. Nc4
Bxc4 9. dxc4 Nd7 10. a3 c5 11. Bd2 Qe7 12. Qe2 O-O-O 13. b4 Ngf6 14. Bh3 Kb8
15. b5 g5 16. Bf5 Ne8 17. Ba5 Rc8 18. a4 Ng7 19. Bh3 Ne6 20. Ne1 h5 21. Bd2 h4
22. Bxe6 fxe6 23. g4 Nf8 24. Nf3 Nh7 25. h3 Rcf8 26. Ra3 Rhg8 27. Kg2 Rf7 28.
Ne1 Nf8 29. Rf3 Rgg7 30. Rxf7 Rxf7 31. Nf3 Nh7 32. Ra1 Rg7 33. a5 Rf7 34. a6 b6
35. Ra3 Qe8 36. Ne1 Qe7 37. Rf3 Nf8 38. Kh2 Nd7 39. Nd3 Nf6 40. c3 Nd7 41. Kg2
Kc8 42. Qe1 Qe8 43. cxd4 cxd4 44. Bb4 Qe7 45. Bxd6 Qxd6 46. Qb4 Qe7 47. Qxe7
Rxe7 48. Nb4 Nc5 49. Rf8+ Kc7 50. f3 d3 51. Kf2 d2 52. Ke2 Rd7 53. Kd1 Na4 54.
Nd5+ exd5 55. cxd5 Nc3+ 56. Kxd2 Nxb5 57. Ke3 Rg7 58. Re8 Kd6 59. Re6+ Kd7 60.
Rxe5 Nc7 61. f4 gxf4+ 1/2-1/2

[Event "17.Seefeld Open 2006"]
[Site "Seefeld/AUT (23.9.-1.10)"]
[Date "2006.09.30"]
[Round "8"]
[White "Strasser, Josef"]
[Black "Schulze, Joachim"]
[Result "0-1"]
[WhiteElo "1917"]
[BlackElo "2010"]
[PlyCount "70"]
[EventDate "2006.09.??"]
[EventType "swiss"]
[EventRounds "9"]
[EventCountry "AUT"]

1. d4 Nf6 2. c4 g6 3. Nc3 Bg7 4. Bf4 d6 5. Nf3 O-O 6. e4 c6 7. h3 Nbd7 8. Qd2
Nb6 9. Bd3 Be6 10. b3 d5 11. cxd5 cxd5 12. e5 Nh5 13. Bh6 f5 14. g4 fxg4 15.
hxg4 Bxg4 16. Bxg7 Kxg7 17. Nh4 e6 18. Nb5 a6 19. Nd6 Nd7 20. Nxb7 Qb6 21. Nc5
Nxc5 22. dxc5 Qxc5 23. Rc1 Qe7 24. f3 Bf5 25. Bxf5 exf5 26. f4 Ng3 27. Rh2 Ne4
28. Qa5 Rac8 29. Rd1 Qa7 30. Kf1 Qe3 31. Qxd5 Qxf4+ 32. Kg1 Qe3+ 33. Kh1 Ng3+
34. Kg2 Rc2+ 35. Kh3 Ne4+ 0-1

[Event "17.Seefeld Open 2006"]
[Site "Seefeld/AUT (23.9.-1.10)"]
[Date "2006.09.30"]
[Round "8"]
[White "Johanssen, Torsten"]
[Black "Platzgummer, Peter"]
[Result "1/2-1/2"]
[WhiteElo "2001"]
[BlackElo "1933"]
[PlyCount "45"]
[EventDate "2006.09.??"]
[EventType "swiss"]
[EventRounds "9"]
[EventCountry "AUT"]

1. c4 e5 2. Nc3 Nc6 3. Nf3 f5 4. d3 Nf6 5. g3 Be7 6. Bg2 d6 7. O-O O-O 8. Bd2
Nh5 9. Nd5 h6 10. Bc3 Be6 11. Nxe7+ Nxe7 12. Ne1 c6 13. b3 Qd7 14. e3 Nf6 15.
f4 Ng6 16. Nf3 Qc7 17. Re1 Rae8 18. Qc2 Bc8 19. Rad1 Re7 20. Kh1 Rfe8 21. Bb4
a5 22. Bc3 c5 23. Qd2 1/2-1/2

[Event "17.Seefeld Open 2006"]
[Site "Seefeld/AUT (23.9.-1.10)"]
[Date "2006.09.30"]
[Round "8"]
[White "Buchaeckert, Juergen"]
[Black "Scholz, Herbert"]
[Result "1/2-1/2"]
[WhiteElo "1943"]
[BlackElo "1991"]
[PlyCount "26"]
[EventDate "2006.09.??"]
[EventType "swiss"]
[EventRounds "9"]
[EventCountry "AUT"]

1. e4 c6 2. Nc3 d5 3. Nf3 Bg4 4. d4 dxe4 5. Nxe4 Nd7 6. h3 Bxf3 7. Qxf3 Ngf6 8.
c3 Nxe4 9. Qxe4 Nf6 10. Qf3 e6 11. Bd3 Qc7 12. Bf4 Bd6 13. Bxd6 Qxd6 1/2-1/2